000 01104nam a2200289 i 4500
003 EG-ScBUE
005 20240715112741.0
008 090727s2008 le f b 001 0 ara d
020 _a9789953742007
020 _a9953452245
040 _aEG-ScBUE
_bara
_erda
_cEG-ScBUE
_dEG-ScBUE
043 _aa-le---
082 0 4 _222
_a956.92034
_bد ا غ
100 1 _98136
_aشربل، داغر،
_eمؤلف.
245 1 2 _aالعربية والتمدن :
_bفى اشتباه العلاقات بين النهضة والمثاقفة والحداثة /
_cشربل داغر.
250 _aالطبعة الأولى.
264 1 _aبيروت :
_bدار النهار للنشر،
_c2008.
300 _a265 صفحة ؛
_c24 سم
336 _2rdacontent
_aنص
_btxt
337 _aبدون وسيط
_2rdamedia
_bn
338 _aمجلد
_bnc
_2rdacarrier
504 _aيشتمل على إرجاعات ببليوجرافية وكشافات.
651 7 _98137
_aلبنان
_xحياة فكرية.
_2BUEsh
651 7 _98138
_aلبنان
_xأحوال اجتماعية.
_2BUEsh
655 _vReading book
942 _2ddc
_cBB
999 _c12421
_d12421